[Event "4NCL Div 2 2024-25"]
[Site "England ENG"]
[Date "2025.02.16"]
[Round "6.47"]
[White "Tart, Peter K"]
[Black "Starley, Robert"]
[Result "0-1"]
[WhiteElo "1885"]
[BlackElo "2077"]
[WhiteTeam "Crowthorne A"]
[BlackTeam "Cambridge University 1"]
[WhiteFideId "471070"]
[BlackFideId "421006"]
[EventDate "2024.11.23"]

1. e4 d5 2. exd5 Qxd5 3. Nc3 Qa5 4. b4 Qxb4 5. Rb1 Qd6 6. Bc4 Nf6 7. Nf3 e6 8.
d4 Be7 9. O-O O-O 10. Qe2 a6 11. Ne4 Nxe4 12. Qxe4 Qd8 13. Ne5 Nd7 14. Nxf7 Rxf7
15. Qxe6 Qf8 16. Re1 Nb6 17. Qxf7+ Qxf7 18. Bxf7+ Kxf7 19. Rb3 Bf6 20. Bf4 Nd5
21. Be5 b5 22. Rf3 Bg4 23. Rg3 Be6 24. a4 b4 25. a5 Rb8 26. f4 Rb5 27. Ra1 Bf5
28. Ra2 Nc3 0-1

[Event "4NCL Div 2 2024-25"]
[Site "England ENG"]
[Date "2025.02.16"]
[Round "6.52"]
[White "Taylor, Adam A"]
[Black "Dunn, Maxim"]
[Result "1-0"]
[WhiteElo "2270"]
[BlackElo "1951"]
[WhiteTeam "SchachAttack"]
[BlackTeam "Iceni 1"]
[WhiteFideId "415790"]
[BlackFideId "456551"]
[EventDate "2024.11.23"]

1. Nf3 d5 2. b3 Bg4 3. e3 Nf6 4. Bb2 c6 5. h3 Bh5 6. d4 Nbd7 7. Nbd2 e6 8. Be2
Bd6 9. Ne5 Bxe2 10. Qxe2 Qc7 11. f4 Ne4 12. Nxe4 dxe4 13. O-O O-O 14. c4 Rad8
15. Rad1 f6 16. Nxd7 Qxd7 17. a3 a6 18. Qc2 f5 19. Rd2 Qe7 20. b4 b5 21. Qb3 g5
22. Qc3 gxf4 23. exf4 Kf7 24. d5 cxd5 25. cxd5 Rg8 26. Rfd1 Rg6 27. dxe6+ Rxe6
28. Rd5 e3 29. Qd3 e2 30. Re1 Re4 31. Be5 Bxe5 32. Rxd8 Bd4+ 33. Rxd4 Qa7 34.
Rxe2 Qxd4+ 35. Qxd4 Rxd4 36. Rc2 Rxf4 37. Rc6 Rd4 38. Rxa6 Rd3 39. Kf2 Rb3 40.
Ke2 f4 41. h4 Kg7 42. Ra5 Kf6 43. Rxb5 Rxa3 44. Rh5 Kg6 45. Rg5+ Kf6 46. b5 h6
47. Rh5 Kg6 48. Rd5 Rb3 49. Rc5 Ra3 50. Re5 Rb3 51. Rd5 Rg3 52. h5+ Kf6 53. Rd6+
Kf5 54. Rg6 Rb3 55. b6 Ke4 56. Kd2 Rb5 57. Rxh6 Rb2+ 58. Kc3 Rxg2 59. Rg6 Rg3+
60. Kc2 f3 61. Rxg3 f2 62. b7 f1=Q 63. b8=Q Qe2+ 64. Kb1 Qd1+ 65. Ka2 Kd5 1-0

[Event "4NCL Div 2 2024-25"]
[Site "England ENG"]
[Date "2025.02.16"]
[Round "6.53"]
[White "Cole, James"]
[Black "Verbytski, Oleg"]
[Result "1/2-1/2"]
[WhiteElo "1974"]
[BlackElo "2077"]
[WhiteTeam "Iceni 1"]
[BlackTeam "SchachAttack"]
[WhiteFideId "431818"]
[BlackFideId "495506"]
[EventDate "2024.11.23"]

1. e4 c5 2. Nf3 d6 3. d4 cxd4 4. Qxd4 Nc6 5. Bb5 Bd7 6. Bxc6 Bxc6 7. Nc3 Nf6 8.
Bg5 e6 9. O-O-O Be7 10. Qd3 Qa5 11. h4 h6 12. Bd2 Qc7 13. Nd4 a6 14. f4 Ng4 15.
Qe2 h5 16. f5 e5 17. Nf3 Rc8 18. Kb1 b5 19. Bg5 f6 20. Bc1 Qa7 21. Rhf1 b4 22.
Nd5 Bb5 23. Qd2 Bxf1 24. Rxf1 a5 25. Qd3 Qb7 26. Nd2 Qc6 27. b3 Kf7 28. Nc4 Qc5
29. Qe2 Ra8 30. Nce3 Nxe3 31. Bxe3 Qc6 32. Rg1 a4 1/2-1/2

[Event "4NCL Div 2 2024-25"]
[Site "England ENG"]
[Date "2025.02.16"]
[Round "6.54"]
[White "Lishoy Gengis Paratazham, Dildarav"]
[Black "Hughes, Roy"]
[Result "1/2-1/2"]
[WhiteElo "2000"]
[BlackElo "2004"]
[WhiteTeam "SchachAttack"]
[BlackTeam "Iceni 1"]
[WhiteFideId "491462"]
[BlackFideId "412481"]
[EventDate "2024.11.23"]

1. c4 c6 2. Nf3 d5 3. g3 Nf6 4. Bg2 e6 5. b3 Be7 6. Bb2 Nbd7 7. O-O O-O 8. Qc2
Re8 9. d4 b6 10. Nbd2 Bb7 11. Rfd1 Rc8 12. e4 dxe4 13. Nxe4 Nxe4 14. Qxe4 Nf6
15. Qe2 Qc7 16. Ne5 c5 17. Bxb7 Qxb7 18. Qf3 Qxf3 19. Nxf3 Red8 20. Kf1 h6 21.
Rac1 Kf8 22. Ke2 Ke8 23. h4 a5 24. a4 Kf8 25. dxc5 Bxc5 26. Bd4 Ne4 27. Bxc5+
Nxc5 28. Rxd8+ Rxd8 29. Rc3 1/2-1/2

[Event "4NCL Div 2 2024-25"]
[Site "England ENG"]
[Date "2025.02.16"]
[Round "6.56"]
[White "Alizada, Eldar"]
[Black "Gibbs, Dominic V"]
[Result "0-1"]
[WhiteElo "1997"]
[BlackElo "1961"]
[WhiteTeam "SchachAttack"]
[BlackTeam "Iceni 1"]
[WhiteFideId "464104"]
[BlackFideId "412090"]
[EventDate "2024.11.23"]

1. d4 d6 2. c4 e5 3. d5 f5 4. g3 Nf6 5. Bg2 g6 6. Nc3 Bg7 7. Bg5 Nbd7 8. e4 h6
9. Bxf6 Nxf6 10. Nge2 O-O 11. O-O f4 12. Qd3 g5 13. Rfe1 Qe8 14. b4 Qh5 15. f3
g4 16. Rf1 gxf3 17. Bxf3 Ng4 18. Bxg4 Bxg4 19. Rf2 f3 20. Nc1 Qg6 21. Nb3 Rf7
22. Nd2 Raf8 23. Nd1 h5 24. h4 Bh6 25. Ne3 Bh3 26. Kh2 Rg7 27. Rg1 Bxe3 28. Qxe3
Bg2 29. Rgxg2 fxg2 30. Rxf8+ Kxf8 31. Kxg2 Qg4 32. Qf2+ Kg8 33. Kh2 b6 34. a4
Qd1 35. a5 Rf7 36. Qe3 Qg4 37. Kg2 Rg7 38. Kh2 Qd1 39. Nf3 Qc2+ 40. Kh3 Qxc4 41.
Ng5 Qf1+ 42. Kh2 Rg6 43. Ne6 Kh8 44. Ng5 Rf6 45. Nh3 Qf3 46. Qe1 Qd3 47. Kg2 Rf3
48. Ng5 Re3 49. Qc1 Qe2+ 50. Kh1 Qe1+ 51. Qxe1 Rxe1+ 52. Kg2 bxa5 53. bxa5 Ra1
54. Ne6 Rxa5 55. Nxc7 Ra2+ 56. Kf3 Ra3+ 57. Kf2 Rb3 58. Ne8 Rb6 0-1

[Event "4NCL Div 2 2024-25"]
[Site "England ENG"]
[Date "2025.02.16"]
[Round "6.57"]
[White "Moore, Gerald"]
[Black "Wilks, Simon"]
[Result "1/2-1/2"]
[WhiteElo "1938"]
[BlackElo "2058"]
[WhiteTeam "Iceni 1"]
[BlackTeam "SchachAttack"]
[WhiteFideId "403440"]
[BlackFideId "427357"]
[EventDate "2024.11.23"]

1. c4 Nf6 2. Nc3 e6 3. Nf3 Bb4 4. Qc2 d5 5. a3 Be7 6. d4 Nbd7 7. e3 c6 8. Bd3 b6
9. O-O Bb7 10. b3 Rc8 11. Bb2 O-O 12. Qe2 c5 13. Rac1 cxd4 14. exd4 Re8 15. Rfd1
Nf8 16. Ne5 Ng6 17. Qe3 a6 18. f4 Bd6 19. g3 Qe7 20. cxd5 Nxd5 21. Nxd5 exd5 22.
Qf2 Bxa3 23. Rxc8 Rxc8 24. Re1 Qd6 25. f5 Nf8 26. Bxa3 Qxa3 27. f6 g6 28. Qe3
Qd6 29. Ng4 Ne6 30. Nh6+ Kf8 31. Ng4 Kg8 32. Nh6+ Kf8 33. Ng4 Kg8 34. Nh6+ 1/2-1/2

[Event "4NCL Div 2 2024-25"]
[Site "England ENG"]
[Date "2025.02.16"]
[Round "6.58"]
[White "Shepherd, Tom"]
[Black "Latypova, Olga L"]
[Result "1-0"]
[WhiteElo "1937"]
[BlackElo "1812"]
[WhiteTeam "SchachAttack"]
[BlackTeam "Iceni 1"]
[WhiteFideId "447005"]
[BlackFideId "472476"]
[EventDate "2024.11.23"]

1. d4 Nf6 2. Nf3 g6 3. Nbd2 d5 4. b4 Bg7 5. Bb2 O-O 6. e3 Bf5 7. Be2 c6 8. a4
Nbd7 9. O-O Qc7 10. c4 a5 11. b5 dxc4 12. Nxc4 Ne4 13. Rc1 Nd6 14. bxc6 Qxc6 15.
Ba3 Nc8 16. Nxa5 Qb6 17. Nc4 Qf6 18. a5 b6 19. axb6 Ncxb6 20. Nxb6 Rxa3 21. Nxd7
Bxd7 22. Ne5 Ba4 23. Qd2 Rb8 24. Qa5 Ra2 25. Nd7 Bxd7 26. Qxa2 Qd6 27. Rfd1 Bf5
28. Qa7 Rb2 29. Bf3 Bf8 30. Qc7 Qb4 31. h3 Ra2 32. e4 Bxh3 33. gxh3 Qb2 34. Qg3
Ra3 35. Kg2 1-0

[Event "4NCL Div 2 2024-25"]
[Site "England ENG"]
[Date "2025.02.16"]
[Round "6.61"]
[White "He, Tom Junde"]
[Black "Ashton, Adam G"]
[Result "0-1"]
[BlackTitle "FM"]
[WhiteElo "2054"]
[BlackElo "2280"]
[WhiteTeam "Warwickshire Select 2"]
[BlackTeam "Greater Woodpushers"]
[WhiteFideId "488810"]
[BlackFideId "410110"]
[EventDate "2024.11.23"]

1. d4 d5 2. c4 e6 3. Nf3 Nf6 4. g3 Be7 5. Bg2 O-O 6. O-O Nbd7 7. Qc2 a5 8. Rd1
dxc4 9. a4 Nd5 10. e4 Nb4 11. Qxc4 b6 12. Bf4 Ba6 13. Qb3 c5 14. Na3 cxd4 15.
Rxd4 Nc5 16. Qd1 Qe8 17. Nc4 Bxc4 18. Rxc4 Ncd3 19. Qe2 Bc5 20. Be3 Bxe3 21.
fxe3 Rc8 22. Rc3 Nc5 23. Nd4 Qd7 24. b3 Rfd8 25. Rf1 g6 26. Qg4 Ncd3 27. Rxc8
Rxc8 28. Bh3 Rc1 29. Rxc1 Nxc1 30. Qf4 Qd8 31. Bg4 Ncd3 32. Qf1 Qg5 33. Qe2 Nc5
34. Bf3 Qf6 35. Bg2 e5 36. Nb5 Nxb3 37. Qg4 Qd8 38. h4 h5 39. Qf3 Kg7 40. Nc3
Qd3 41. Ne2 Nd2 42. Qf2 Nc2 43. Nc1 Qxe3 44. Qxe3 Nxe3 45. Bh1 Nd1 46. Ne2 Kf6
47. Bg2 Ke6 48. Bh3+ Kd6 49. Bg2 Kc5 50. g4 hxg4 51. Ng3 b5 52. axb5 a4 53. Ne2
a3 54. Nc1 Kxb5 55. Kh2 Kc4 56. Kg3 Kd4 57. Kxg4 Ne3+ 58. Kg3 Nxg2 59. Kxg2 Nxe4
60. Kf3 f5 61. Ke2 a2 62. Nxa2 Nc3+ 63. Nxc3 Kxc3 64. Ke3 e4 65. Kf4 Kd4 66. Kg5
e3 67. Kxg6 e2 68. h5 e1=Q 69. Kxf5 Qe4+ 70. Kg5 Qh7 71. h6 Ke5 72. Kg4 Qxh6 73.
Kf3 Qh3+ 74. Kf2 Ke4 75. Kg1 Qa3 76. Kf2 Qb3 77. Kg2 Kf4 78. Kh2 Kg4 79. Kg1 Kf3
80. Kh2 Qg8 81. Kh3 Qg3# 0-1

[Event "4NCL Div 2 2024-25"]
[Site "England ENG"]
[Date "2025.02.16"]
[Round "6.62"]
[White "McLean, Robert"]
[Black "Pal, Rohan"]
[Result "1/2-1/2"]
[WhiteElo "2038"]
[BlackElo "1938"]
[WhiteTeam "Greater Woodpushers"]
[BlackTeam "Warwickshire Select 2"]
[WhiteFideId "434922"]
[BlackFideId "462489"]
[EventDate "2024.11.23"]

1. d4 Nf6 2. c4 e6 3. Nc3 d5 4. cxd5 exd5 5. Bf4 c6 6. e3 Bf5 7. Bd3 Bxd3 8.
Qxd3 Bd6 9. Bxd6 Qxd6 10. Nf3 Nbd7 11. O-O O-O 12. h3 Rfe8 13. Rab1 a5 14. Qc2
Ne4 15. Nxe4 dxe4 16. Nd2 Nf6 17. Nc4 Qc7 18. Rfc1 Nd5 19. a3 Qe7 20. Qd2 1/2-1/2

[Event "4NCL Div 2 2024-25"]
[Site "England ENG"]
[Date "2025.02.16"]
[Round "6.63"]
[White "Mason, Donald J"]
[Black "Jackson, Edward"]
[Result "0-1"]
[BlackTitle "CM"]
[WhiteElo "2011"]
[BlackElo "2165"]
[WhiteTeam "Warwickshire Select 2"]
[BlackTeam "Greater Woodpushers"]
[WhiteFideId "405116"]
[BlackFideId "464635"]
[EventDate "2024.11.23"]

1. e4 c5 2. Nf3 a6 3. g3 Nc6 4. Bg2 g6 5. d4 cxd4 6. Nxd4 Bg7 7. Ne2 Nf6 8. Nbc3
d6 9. h3 Bd7 10. O-O O-O 11. Rb1 Rc8 12. Be3 b5 13. Nd5 Ne5 14. b3 Bc6 15. Bb6
Qe8 16. Nxf6+ Bxf6 17. f4 Nd7 18. Bd4 e5 19. Ba1 exf4 20. Bxf6 Nxf6 21. Rxf4
Bxe4 22. Bxe4 Nxe4 23. Qd5 Nxg3 0-1

[Event "4NCL Div 2 2024-25"]
[Site "England ENG"]
[Date "2025.02.16"]
[Round "6.64"]
[White "Longson, Alexander"]
[Black "Vaidyanathan, Adithya"]
[Result "1/2-1/2"]
[WhiteTitle "FM"]
[WhiteElo "2233"]
[BlackElo "2041"]
[WhiteTeam "Greater Woodpushers"]
[BlackTeam "Warwickshire Select 2"]
[WhiteFideId "408093"]
[BlackFideId "495450"]
[EventDate "2024.11.23"]

1. e4 c5 2. Nf3 Nc6 3. Bb5 g6 4. O-O Bg7 5. c3 Nf6 6. Re1 O-O 7. d4 d5 8. e5 Ne4
9. Bxc6 bxc6 10. Be3 Qb6 11. Qc1 c4 12. Nbd2 Nxd2 13. Nxd2 Bf5 14. b3 cxb3 15.
axb3 f6 16. Qa3 Rfe8 17. Bf4 a5 18. h4 e6 19. exf6 Bxf6 20. g3 Qb5 21. Be5 Be7
22. Bd6 Bxd6 23. Qxd6 Qd3 24. Qf4 Qxc3 25. Rac1 Qb4 26. Rxc6 Rac8 27. Rec1 Rxc6
28. Rxc6 Qb8 29. Qg5 e5 30. g4 Bd7 31. Rf6 Re6 32. Rxe6 Bxe6 33. h5 exd4 34.
hxg6 Qe8 35. gxh7+ Kxh7 36. Nf3 Qg6 37. Qe7+ Kg8 38. Ne5 Qb1+ 39. Kh2 Qh7+ 40.
Qxh7+ Kxh7 41. Kg3 Kg7 42. f4 Bc8 43. Kf2 Kf6 44. Ke2 Ba6+ 45. Kd2 Bb5 46. Nf3
Bd7 47. g5+ Kf5 48. Nxd4+ Kxf4 49. g6 Be6 50. g7 Bf7 51. Nc6 Ke4 52. Ne7 Kd4 53.
g8=Q Bxg8 54. Nxg8 a4 55. bxa4 Kc4 56. Ne7 Kb4 57. Nxd5+ Kxa4 1/2-1/2

[Event "4NCL Div 2 2024-25"]
[Site "England ENG"]
[Date "2025.02.16"]
[Round "6.65"]
[White "Talsma, Paul"]
[Black "Ackley, Peter J E"]
[Result "1/2-1/2"]
[WhiteElo "2036"]
[BlackElo "1985"]
[WhiteTeam "Warwickshire Select 2"]
[BlackTeam "Greater Woodpushers"]
[WhiteFideId "1018779"]
[BlackFideId "414824"]
[EventDate "2024.11.23"]

1. d4 d6 2. e4 Nf6 3. f3 c5 4. d5 e6 5. c4 exd5 6. cxd5 Be7 7. Nc3 O-O 8. Bd3
Ne8 9. Nge2 f5 10. exf5 Bxf5 11. O-O Nc7 12. Ng3 Bxd3 13. Qxd3 Qd7 14. Bd2 b5
15. a4 Nba6 1/2-1/2

[Event "4NCL Div 2 2024-25"]
[Site "England ENG"]
[Date "2025.02.16"]
[Round "6.66"]
[White "Sanada, Tetsuaki"]
[Black "Patel, Keatan"]
[Result "1/2-1/2"]
[WhiteElo "2000"]
[BlackElo "1947"]
[WhiteTeam "Greater Woodpushers"]
[BlackTeam "Warwickshire Select 2"]
[WhiteFideId "7005903"]
[BlackFideId "477613"]
[EventDate "2024.11.23"]

1. d4 d5 2. Nf3 Nf6 3. g3 e6 4. Bg2 Be7 5. c4 O-O 6. O-O dxc4 7. Qc2 a6 8. a4
Bd7 9. Qxc4 Bc6 10. Bg5 Bd5 11. Qd3 Be4 12. Qd2 Nc6 13. Rd1 h6 14. Bxf6 Bxf6 15.
e3 Qe7 16. Nc3 Bxf3 17. Bxf3 Rfd8 18. Ne4 Ne5 19. Bg2 Nc4 20. Qc3 Nd6 21. Nxf6+
gxf6 22. d5 e5 23. Rac1 Rac8 24. e4 Qd7 25. b3 c6 26. Qf3 Kg7 27. Qh5 Qe8 28.
Bh3 Rc7 29. Qg4+ Kh7 30. Qh4 Qe7 31. Rc3 Ne8 32. Bf5+ Kg7 33. Qg4+ Kh8 34. Qh5
Kg7 35. Qg4+ Kh8 36. Qh5 Kg7 37. g4 Qf8 38. Rdc1 Rd6 39. Rh3 Qh8 40. Rhc3 Qf8
41. Qh3 Qe7 42. Qh5 Qf8 1/2-1/2

[Event "4NCL Div 2 2024-25"]
[Site "England ENG"]
[Date "2025.02.16"]
[Round "6.67"]
[White "Baer, Bruce L"]
[Black "Rawlinson, Aidan M"]
[Result "0-1"]
[WhiteElo "1976"]
[BlackElo "2058"]
[WhiteTeam "Warwickshire Select 2"]
[BlackTeam "Greater Woodpushers"]
[WhiteFideId "488801"]
[BlackFideId "413496"]
[EventDate "2024.11.23"]

1. g3 g6 2. f4 d5 3. Nf3 Bg7 4. Bg2 Nf6 5. O-O O-O 6. d3 b6 7. Qe1 Bb7 8. Nbd2
d4 9. Nc4 c5 10. h3 Qc7 11. Bd2 Nd5 12. Rc1 Nd7 13. c3 b5 14. Na3 dxc3 15. bxc3
c4 16. d4 Qa5 17. Nc2 N5f6 18. Nb4 Qc7 19. Ne5 Bxg2 20. Kxg2 Ne4 21. Nxd7 Qxd7
22. Nc2 f5 23. Rb1 Rfb8 24. e3 Rb6 25. Rb2 Rab8 26. Qe2 a5 27. Rfb1 Qc6 28. Kh2
e6 29. a3 h5 30. Be1 Kf7 31. h4 Bf8 32. Bd2 Be7 33. Qe1 Nf6 34. Qf1 Ke8 35. Kh3
Kd7 36. a4 b4 37. cxb4 c3 38. d5 Nxd5 39. Nd4 Qb7 40. Bxc3 Nxc3 0-1

[Event "4NCL Div 2 2024-25"]
[Site "England ENG"]
[Date "2025.02.16"]
[Round "6.68"]
[White "Longson, Sarah N"]
[Black "Sandhu, Manvith"]
[Result "1/2-1/2"]
[WhiteTitle "WFM"]
[WhiteElo "1953"]
[BlackElo "1956"]
[WhiteTeam "Greater Woodpushers"]
[BlackTeam "Warwickshire Select 2"]
[WhiteFideId "2501465"]
[BlackFideId "458872"]
[EventDate "2024.11.23"]

1. e4 c5 2. Nf3 e6 3. g3 Nc6 4. Bg2 d6 5. O-O Nf6 6. Qe2 Qc7 7. c3 Ne5 8. d4
Nxf3+ 9. Bxf3 e5 10. Na3 a6 11. Bg5 Be7 12. dxe5 dxe5 13. Nc4 O-O 14. Rad1 Be6
15. Ne3 h6 16. Bxf6 Bxf6 17. Nd5 Bxd5 18. Rxd5 Rad8 19. Rfd1 Rxd5 20. exd5 Be7
21. d6 Bxd6 22. Bxb7 a5 23. Bd5 Rd8 24. c4 Be7 25. Rd3 Bf6 26. Ra3 Rd6 27. Qd2
Bd8 28. Rd3 Be7 29. Rb3 Rd7 30. Rb5 Bd8 31. Qe3 Qd6 32. Qxc5 Qxc5 33. Rxc5 Kf8
34. Kf1 Ke7 35. a3 Bc7 36. Bf3 f5 37. Bd5 Bb6 38. Rb5 Bd4 39. b3 Ra7 40. c5 Bb2
41. a4 Bc3 42. Bb7 Bd4 43. f3 Bxc5 44. Rxc5 Rxb7 45. Rxe5+ Kf6 46. Re3 Rc7 47.
f4 Rc2 48. Re5 Rb2 49. Rxa5 Rxb3 50. Rb5 Ra3 51. a5 Kg6 52. Ke2 Ra2+ 53. Ke3
Rxh2 54. Rb6+ Kh5 55. a6 Ra2 56. Kd4 g5 57. Ke5 Ra5+ 58. Kd6 gxf4 59. gxf4 Kg4
60. Kc7 Kxf4 61. Rxh6 Ke3 62. Kb6 Rxa6+ 63. Kxa6 f4 64. Re6+ Kd3 65. Kb5 f3 1/2-1/2

[Event "4NCL Div 2 2024-25"]
[Site "England ENG"]
[Date "2025.04.05"]
[Round "7.15"]
[White "Khoury, Theo"]
[Black "McLean, Robert"]
[Result "1/2-1/2"]
[WhiteTitle "CM"]
[WhiteElo "2164"]
[BlackElo "2038"]
[WhiteTeam "Oxford 1"]
[BlackTeam "Greater Woodpushers"]
[WhiteFideId "480703"]
[BlackFideId "434922"]
[EventDate "2024.11.23"]

1. e4 e6 2. d4 d5 3. Nc3 Bb4 4. exd5 exd5 5. Bd3 Nf6 6. Ne2 O-O 7. O-O Re8 8.
Bf4 Bg4 9. a3 Bf8 10. Qd2 Bh5 11. Ng3 Bg6 12. Rfe1 c6 13. Rxe8 Qxe8 14. Re1 Qd8
15. Nd1 Nbd7 16. f3 Qb6 17. c3 c5 18. Bxg6 hxg6 19. dxc5 Bxc5+ 20. Kh1 Qb3 21.
Nf2 Nb6 22. Nd3 Bf8 23. Qd1 Qxd1 24. Rxd1 Nc4 25. Ne2 Re8 26. Nd4 Nd7 27. h4 Nc5
28. Nxc5 Bxc5 29. Nb3 Bb6 30. Rxd5 Re2 31. Nd2 Nxb2 32. Ne4 Nc4 33. Rd7 f6 34.
Rxb7 Ra2 35. Rb8+ Kf7 36. Rc8 Nxa3 37. c4 Rc2 38. c5 Ba5 39. Rb8 Ke6 40. Bd6 Nc4
41. Re8+ Kd5 42. Rg8 f5 43. Ng5 Nxd6 44. cxd6 Kxd6 45. Rxg7 Be1 46. Rxa7 Bg3 47.
Ra1 Bxh4 48. Nh3 Bg3 1/2-1/2

[Event "4NCL Div 2 2024-25"]
[Site "England ENG"]
[Date "2025.04.05"]
[Round "7.44"]
[White "Waller, Dan"]
[Black "Saunders, Aron"]
[Result "0-1"]
[WhiteElo "2099"]
[BlackElo "2124"]
[WhiteTeam "SchachAttack"]
[BlackTeam "The Audible Checks"]
[WhiteFideId "451053"]
[BlackFideId "469343"]
[EventDate "2024.11.23"]

1. e4 c6 2. d4 d5 3. e5 Bf5 4. h4 h5 5. Bd3 Bxd3 6. Qxd3 Qa5+ 7. Nd2 e6 8. Nf3
Nh6 9. O-O Nf5 10. Nb3 Qb5 11. Qd1 c5 12. dxc5 Bxc5 13. a4 Qb6 14. a5 Qb5 15.
Nxc5 Qxc5 16. Ra4 Nc6 17. c3 O-O 18. Re1 b5 19. Rf4 Rad8 20. Ng5 g6 21. g4 hxg4
22. Qxg4 Nce7 23. h5 Kg7 24. Kg2 Rh8 25. Rh1 d4 26. h6+ Rxh6 27. Rxh6 Qd5+ 28.
Nf3 Nxh6 29. Qg5 Nhf5 30. Qf6+ Kg8 31. cxd4 Qa8 32. Qg5 Rxd4 33. Kh2 Rd3 34. Qg4
Qd5 35. Re4 Qc5 36. Be3 Nxe3 37. fxe3 Rxe3 38. Rd4 Qc2+ 39. Kg3 Nf5+ 40. Kf4
Nxd4 41. Kxe3 Nf5+ 42. Kf4 Qc1+ 43. Ke4 Qe3# 0-1

[Event "4NCL Div 2 2024-25"]
[Site "England ENG"]
[Date "2025.04.06"]
[Round "8.24"]
[White "Horton, Jamie A"]
[Black "Cole, James"]
[Result "1-0"]
[WhiteElo "2163"]
[BlackElo "1974"]
[WhiteTeam "Celtic Tigers 1"]
[BlackTeam "Iceni 1"]
[WhiteFideId "421472"]
[BlackFideId "431818"]
[EventDate "2024.11.23"]

1. d4 Nf6 2. c4 g6 3. Nc3 d5 4. cxd5 Nxd5 5. e4 Nxc3 6. bxc3 Bg7 7. Nf3 c5 8. h3
O-O 9. Be2 cxd4 10. cxd4 Nc6 11. Be3 f5 12. O-O f4 13. Bc4+ e6 14. Bc1 Nxd4 15.
Ba3 Re8 16. Rc1 a6 17. Nxd4 Qxd4 18. Qf3 Bf8 19. Bxf8 Rxf8 20. Bb3 Qe5 21. Rfd1
b5 22. Rc6 Ra7 23. Rdc1 Bd7 24. R6c5 Qb8 25. Qg4 Qd6 26. h4 Kg7 27. h5 e5 28.
Qg5 h6 29. Qxg6+ Qxg6 30. hxg6 Kxg6 31. Rxe5 Re8 32. Rd5 Be6 33. Rd6 Kf7 34.
Rxe6 Rxe6 35. Rc6 Re7 36. Rxa6 Kf6 37. Rxe6+ Rxe6 38. Bxe6 Kxe6 39. f3 1-0

[Event "4NCL Div 2 2024-25"]
[Site "England ENG"]
[Date "2025.04.06"]
[Round "8.55"]
[White "Thompson, Ian D"]
[Black "Fellowes, Billy"]
[Result "1/2-1/2"]
[WhiteTitle "FM"]
[BlackTitle "CM"]
[WhiteElo "2018"]
[BlackElo "2203"]
[WhiteTeam "Crowthorne A"]
[BlackTeam "Warwickshire Select 1"]
[WhiteFideId "405205"]
[BlackFideId "483540"]
[EventDate "2024.11.23"]

1. c4 Nf6 2. Nc3 g6 3. g3 Bg7 4. Bg2 O-O 5. e4 c5 6. Nge2 Nc6 7. O-O Rb8 8. d4
cxd4 9. Nxd4 Nxe4 10. Nxc6 Nxc3 11. Nxe7+ Qxe7 12. bxc3 d6 13. Ba3 Rd8 14. Qa4
Be6 15. c5 d5 16. Qa5 Qf6 17. Bb4 Ra8 18. Rad1 b6 19. cxb6 axb6 20. Qxb6 Rab8
21. Qa5 Ra8 22. Qb6 1/2-1/2